Giáo dục nhân cách đào tạo nhân lực (Góp phần triển khai nghị quyết Hội nghị lần thứ 2 Ban Chấp hành TW Đảng, khóa VIII)
Sách lý giải một cách khoa học, cụ thể những vấn đề giáo dục nhân cách, đào tạo nhân lực - tất cả những vấn đề liên quan đến thể chất, tinh thần, sức khỏa, trí thuệ, năng lực, kỹ năng nghề nghiệp chuyên môn...
Shranjeno v:
| Glavni avtor: | |
|---|---|
| Format: | Knjiga |
| Jezik: | Undetermined |
| Izdano: |
Hà Nội
Chính trị Quốc gia
1997
|
| Teme: | |
| Oznake: |
Označite
Brez oznak, prvi označite!
|
| Thư viện lưu trữ: | Trung tâm Học liệu Trường Đại học Cần Thơ |
|---|
| LEADER | 00981nam a2200181Ia 4500 | ||
|---|---|---|---|
| 001 | CTU_27363 | ||
| 008 | 210402s9999 xx 000 0 und d | ||
| 082 | |a 379.597 | ||
| 082 | |b H101g | ||
| 100 | |a Phạm Minh Hạc | ||
| 245 | 0 | |a Giáo dục nhân cách đào tạo nhân lực (Góp phần triển khai nghị quyết Hội nghị lần thứ 2 Ban Chấp hành TW Đảng, khóa VIII) | |
| 245 | 0 | |c Phạm Minh Hạc | |
| 260 | |a Hà Nội | ||
| 260 | |b Chính trị Quốc gia | ||
| 260 | |c 1997 | ||
| 520 | |a Sách lý giải một cách khoa học, cụ thể những vấn đề giáo dục nhân cách, đào tạo nhân lực - tất cả những vấn đề liên quan đến thể chất, tinh thần, sức khỏa, trí thuệ, năng lực, kỹ năng nghề nghiệp chuyên môn | ||
| 650 | |a education and state - vietnam | ||
| 980 | |a Trung tâm Học liệu Trường Đại học Cần Thơ | ||